<?xml version="1.0" encoding="UTF-8"?>
<collection xmlns="http://www.loc.gov/MARC21/slim">
 <record>
  <leader>01726nam a2200229Ia 4500</leader>
  <controlfield tag="001">CTU_228301</controlfield>
  <controlfield tag="008">210402s9999    xx            000 0 und d</controlfield>
  <datafield tag="082" ind1=" " ind2=" ">
   <subfield code="a">541.393</subfield>
  </datafield>
  <datafield tag="082" ind1=" " ind2=" ">
   <subfield code="b">Qu603</subfield>
  </datafield>
  <datafield tag="088" ind1=" " ind2=" ">
   <subfield code="a">80440119</subfield>
  </datafield>
  <datafield tag="100" ind1=" " ind2=" ">
   <subfield code="a">Trần, Thị Tuyết Quyên</subfield>
  </datafield>
  <datafield tag="245" ind1=" " ind2="0">
   <subfield code="a">So sánh hoạt tính kháng oxy hóa của Flavanone với Flavonol và Flavone dựa trên tính toán hóa lượng tử :</subfield>
  </datafield>
  <datafield tag="245" ind1=" " ind2="0">
   <subfield code="b">Luận văn tốt nghiệp cao học ngành hóa lý thuyết và hóa lý</subfield>
  </datafield>
  <datafield tag="245" ind1=" " ind2="0">
   <subfield code="c">Trần Thị Tuyết Quyên ; Phạm Vũ Nhật (cán bộ hướng dẫn)</subfield>
  </datafield>
  <datafield tag="260" ind1=" " ind2=" ">
   <subfield code="a">Cần Thơ</subfield>
  </datafield>
  <datafield tag="260" ind1=" " ind2=" ">
   <subfield code="b">Trường đại học Cần Thơ</subfield>
  </datafield>
  <datafield tag="260" ind1=" " ind2=" ">
   <subfield code="c">2018</subfield>
  </datafield>
  <datafield tag="520" ind1=" " ind2=" ">
   <subfield code="a">Đề tài được thực hiện với mục tiêu chính là khảo sát và so sánh khả năng kháng oxy hóa của ba nhóm flavanone, flavonol và flavone với ba hợp chất đại diện tương ứng là eriodictyol, quercetin và baicalein. Các phép tính hóa học lượng tử được sử dụng thay vì các phương pháp thực nghiệm truyền thống. Trên cơ sở đó, đánh giá tiềm năng kháng oxy hóa và tìm hiểu mối liên hệ giữa cấu trúc hình học, mật độ electron và hoạt tính kháng oxy hóa của các hợp chất này thông qua việc tính các giá trị BDE, IP, PA, PDE, và ETE cho mỗi hợp chất được khảo sát.</subfield>
  </datafield>
  <datafield tag="650" ind1=" " ind2=" ">
   <subfield code="a">Oxy hóa,Oxdation</subfield>
  </datafield>
  <datafield tag="650" ind1=" " ind2=" ">
   <subfield code="x">Nghiên cứu,Research</subfield>
  </datafield>
  <datafield tag="910" ind1=" " ind2=" ">
   <subfield code="b">dqhieu</subfield>
  </datafield>
  <datafield tag="980" ind1=" " ind2=" ">
   <subfield code="a">Trung tâm Học liệu Trường Đại học Cần Thơ</subfield>
  </datafield>
 </record>
</collection>
